Advanced engineering mathematics (Record no. 6741)

000 -LEADER
fixed length control field 00549nam a2200181Ia 4500
008 - FIXED-LENGTH DATA ELEMENTS--GENERAL INFORMATION
fixed length control field 200103s 1985 ||||xx |||||||||||||| ||und||
082 ## - DEWEY DECIMAL CLASSIFICATION NUMBER
Classification number 510.2462
Item number KRE
100 ## - MAIN ENTRY--PERSONAL NAME
Personal name Kreyszig, Erwin
245 #0 - TITLE STATEMENT
Title Advanced engineering mathematics
250 ## - EDITION STATEMENT
Edition statement 5th
260 ## - PUBLICATION, DISTRIBUTION, ETC. (IMPRINT)
Name of publisher, distributor, etc Wiley Eastern Ltd.
Date of publication, distribution, etc 1985
Place of publication, distribution, etc New Delhi
300 ## - PHYSICAL DESCRIPTION
Extent xvii,988p.
504 ## - BIBLIOGRAPHY, ETC. NOTE
Bibliography, etc "Includes Appendix and Index".
650 ## - SUBJECT ADDED ENTRY--TOPICAL TERM
Topical term or geographic name as entry element Vector differential calculus, vector fields
650 ## - SUBJECT ADDED ENTRY--TOPICAL TERM
Topical term or geographic name as entry element Line and Surface Intergrals. Integral Theorems
650 ## - SUBJECT ADDED ENTRY--TOPICAL TERM
Topical term or geographic name as entry element Complex Integrals
942 ## - ADDED ENTRY ELEMENTS (KOHA)
Item type Books
Holdings
Withdrawn status Lost status Source of classification or shelving scheme Damaged status Not for loan Collection code Permanent location Current location Shelving location Date acquired Full call number Barcode Date last seen Koha item type Public note
          Non-fiction IMU-MPC Library IMU-MPC Library General Stacks 2020-01-08 510.2462 KRE MPC2577 2025-03-17 Books Column - 21
          Non-fiction IMU-MPC Library IMU-MPC Library General Stacks 2020-01-08 510.2462 KRE LBS8328 2025-03-17 Books Column - 21
          Non-fiction IMU-MPC Library IMU-MPC Library General Stacks 2020-01-08 510.2462 KRE MPC2578 2025-03-17 Books Column - 21
Copyright © 2021 Indian Maritime University, Mumbai Port Campus. All Rights Reserved. Managed & Maintained by Central Library, IMU-Mumbai

webs counters

Powered by Koha